000 00799nam a2200229Ia 4500
001 16844
003 GE_BSU
008 181216s||||||||xx |||||||||||||| ||und||
020 _a5505011411
040 _cGE_BSU
080 _a821.353.1 + 811.353.1 + 811.161.1 + 37.01
100 _aგოგებაშვილი, იაკობ (1840-1912)
245 _aრჩეული თხზულებები : 5 ტომად. ტ.5
245 _cტომის რედ.: კ. მაჭარაშვილი
260 _aთბილისი
260 _bგანათლება
260 _c1990
300 _a526 გვ. 21სმ.
300 _eშენიშვნები: გვ. 475-524
653 _aრჩეული თხზულებები
942 _cBK
999 _c49908
_d49908